| 000 | 01304nam a2200277 a 4500 | ||
|---|---|---|---|
| 999 |
_c12296 _d12296 |
||
| 001 | 12296 | ||
| 003 | BD-JhCC | ||
| 005 | 20220803134024.0 | ||
| 008 | 210925b2018 bg |||| ||a| 001 0 ban d | ||
| 020 | _a9789849229209 | ||
| 035 | _a(BD-JhCC)12296 | ||
| 040 |
_aBD-JhCC _dBD-JhCC |
||
| 041 | _aBengali | ||
| 082 |
_a297.648 _bSAL 2018 |
||
| 100 | _aসাল্লাবি,ড. আলী মহাম্মাদ | ||
| 245 |
_aজীবন ও কর্ম: _bআলী ইবনে আবি তালিব রাযিয়াল্লাহু আনহু / _cড. আলী মহাম্মাদ সাল্লাবি, অনু: মুফতী ফজলুদ্দীন শিবলী সম্পা: মুহাম্মাদ আদম আলী । |
||
| 260 |
_aঢাকা: _bমাকতাবাতুল ফরকান; _c২০১৮. |
||
| 300 |
_a496 p. : _c22 cm. |
||
| 490 | _aইসলামী ইতিহাস সিরিজ:খুলাফায়ে রাশেদীন -৪ | ||
| 600 |
_aAli ibn Abi talib,caliph _d600-661 |
||
| 650 | _aFriend and associates | ||
| 700 | _a শিবলী ,মুফতী ফজলুদ্দীন | ||
| 700 | _aআলী,মুহাম্মাদ আদম | ||
| 942 |
_2ddc _cBK _03 |
||